书目信息 |
| 题名: |
列宁全集目录
|
|
| 作者: | ||
| 分册: | 第1-39卷 | |
| 出版信息: | 北京 人民出版社 1965.2 |
|
| 页数: | 266页 | |
| 开本: | 20cm | |
| 丛书名: | ||
| 单 册: | ||
| 中图分类: | A823 | |
| 科图分类: | ||
| 主题词: | ||
| 电子资源: | ||
| ISBN: | 17001.71 | |
| 000 | 00636nam0 2200241 450 | |
| 001 | 0105501413 | |
| 005 | 20130613095337.0 | |
| 010 | @a17001.71@dCNY1.55 | |
| 091 | @a17001.71 | |
| 100 | @a20021005e19801965em y0chiy0110 ea | |
| 101 | 0 | @achi |
| 102 | @aCN@b110000 | |
| 105 | @ay z 000yy | |
| 106 | @ar | |
| 200 | 1 | @a列宁全集目录@9Lie Ning Quan Ji Mu Lu @h第1-39卷@b专著 |
| 205 | @a2版 | |
| 210 | @a北京@c人民出版社@d1965.2@h1980.6重印 | |
| 215 | @a266页@d20cm | |
| 605 | @a《列宁全集》@x图书目录 | |
| 690 | @aA823@v3 | |
| 801 | 0 | @aCN@b广东省中山图书馆@c19980123 |
| 801 | 2 | @aCN@bAiZhiMarc |
| 905 | @aBZT@dA823@e2@f2@sA823/2 | |
| 列宁全集目录.第1-39卷.-2版.-北京:人民出版社,1965.2(1980.6重印) |
| 266页;20cm |
| ISBN 17001.71:CNY1.55 |
| ● |
| 相关链接 |
|
|
|
正题名:列宁全集目录
索取号:A823/2
 
预约/预借
| 序号 | 登录号 | 条形码 | 馆藏地/架位号 | 状态 | 备注 |
| 1 | 2000078194 | 2000078194 | 旧书回溯/ [索取号:A823/2] | 在馆 | |
| 2 | 2000078195 | 2000078195 | 旧书回溯/ [索取号:A823/2] | 在馆 |